| 000 | 007710000a22002410004500 | ||
|---|---|---|---|
| 001 | 14672 | ||
| 010 | _a972-22-2066-7 | ||
| 090 | _a14672 | ||
| 100 | _a20041102d2001 k y0pory5003 ba | ||
| 101 | 0 | _apor | |
| 102 | _aPT | ||
| 200 | 1 |
_aBaunilha e chocolate _ftexto de Ana Meireles _gil. Cristina Malaquias |
|
| 210 |
_aLisboa _cVerbo _d2001 |
||
| 215 |
_a137, [3] p. _cil |
||
| 225 | 2 |
_aGrande prémio _v16 |
|
| 300 | _aRecomendado a partir dos 12 anos. | ||
| 675 |
_a087.5 _vBN _zpor |
||
| 675 |
_a821.134.3-31 _vBN _zpor |
||
| 700 | 1 |
_aMeireles _bAna |
|
| 702 | 1 |
_929404 _4440 _aMalaquias _bCristina _f1955- |
|
| 942 |
_cMON _n0 |
||
| 999 |
_a14672 _bBibliobase - BMTAV _c2019-01-21 |
||